01043nas a2200241Ia 4500001001100000003000900011008004100020040001300061040001300074041001300087100003800100210001900138222001900157245010900176250001100285260005300296501008600349300001100435310001600446362004100462500026200503650003600765R011/H8175IT-RoPAU151124c99999999xx |||||||||||| ||und|| aIT-RoPAU cIT-RoPAU aITALIANO aAA.VV. gCodice Aut. SPICS: 12000 aCINEMASESSANTA aCinemasessanta aCINEMA SESSANTA, ANNO 48-N.291 (GENNAIO-MARZO 2007)bCinema Sessanta, Anno 48-N.291 (Gennaio-Marzo 2007) a1a ed. aREGGIO CALABRIAbCITTA' DEL SOLE EDIZIONI c2007 bPaulus - SPICS - Società€ San Paolo EM (non-commercial uses only)cCopyright2015 a152 p. aTRIMESTRALE aANNO 048, N.291 (GENNAIO-MARZO 2007) aChi Siamo. Primafila: Assolutezza Orrore e Dolore di M. Argentieri; della Incomunicabilità€ di A. Fagioli. Lineamenti: Mercato Cinematografico nel 2006, Tutto Come Prima di U. Rossi. Angolazioni: Sfocatura Come Scelta Estetica di A. Grimaldi; J.G. Ballard  aCINEMAvPUBBLICAZIONE PERIODICA